00560 a2200169 4500001000700000020001800007020000900025041000800034082001000042100002200052300001100074520017700085856002400262040002500286245003600311260004300347119242 a9781489862921 qenc. aeng a[Fic] aCard, Orson Scott a380 p. aYoung Ender Wiggin may prove to be the military genius Earth needs to fight a desperate battle against a deadly alien race that will determine the future of the human race. u000034/000034a8.jpg aBR-BrIDEAcBR-BrIDEA10aEnder“s gamecOrson Scott Card aNew YorkbTom Doherty Associatesc1991